[Event "Ubeda op 5th"]
[Site "Ubeda"]
[Date "2000.01.22"]
[Round "4"]
[White "Korneev, Oleg"]
[Black "Mirzoev, Azer"]
[Result "1-0"]
[WhiteElo "2619"]
[BlackElo "2438"]
[Annotator "Alterman,B"]
[PlyCount "83"]
[EventDate "2000.01.19"]
[EventType "swiss"]
[EventRounds "10"]
[EventCountry "ESP"]
[SourceTitle "CBM 075"]
[Source "ChessBase"]
[SourceDate "2000.04.05"]
[SourceVersion "1"]
[SourceVersionDate "2000.04.05"]
[SourceQuality "1"]

1. e4 c5 2. Nf3 Nc6 3. d4 cxd4 4. Nxd4 g6 5. c4 Nf6 6. Nc3 d6 7. Be2 Nxd4 8.
Qxd4 Bg7 9. Be3 O-O 10. Qd2 Bd7 11. O-O (11. Rc1 Bc6 12. Bf3 Qd7 13. O-O Rfe8
14. b3 b6 15. e5 Bxf3 16. gxf3 Nh5 17. exd6 Be5 18. Ne2 Bxd6 19. Ng3 Qh3 20. f4
Rad8 21. Nxh5 Qxh5 22. Qd1 Qf5 23. Qe2 e5 24. fxe5 Rxe5 25. Qc2 Qg4+ {0-1
Gehlhaar,C-Eckhardt,W/Bechhofen 1998/EXT 2000 (25)}) 11... Bc6 12. f3 a6 (12...
Nd7 13. b4 b6 14. Rac1 Bb7 15. Rfd1 Rc8 16. Bg5 f6 17. Bh4 Ne5 18. Nb5 Nc6 19.
Qd5+ Kh8 20. Nxa7 Nxb4 21. Qd2 Ra8 22. Qxb4 Rxa7 23. Rc2 Bc6 24. Rb1 Qa8 25.
Qd2 g5 26. Bf2 g4 27. Rxb6 {Kramnik,V-Ljubojevic,L/Monte Carlo 1996/CBM 52 ext/
1-0 (57)}) 13. Rfc1 $146 (13. Rac1 b5 14. a3 Rb8 15. b4 Qd7 16. Nd5 bxc4 17.
Bxc4 Nxd5 18. exd5 Bb5 19. Bd4 Bxc4 20. Rxc4 Qb5 21. Bxg7 Qxc4 22. Bxf8 Kxf8
23. Rc1 {1/2-1/2 Aizapetian,A-Krstevski,S/Herculane 1994/TD (23)}) 13... Rb8
14. b4 b5 (14... b6) 15. Rab1 Qd7 16. a4 $1 {[%mdl 48]} bxc4 (16... bxa4 17. b5
Bb7 18. Nxa4 $16) 17. Bxc4 Bb7 18. Qd3 Ra8 19. b5 axb5 20. Bxb5 Qd8 21. Nd5 $6
{[%mdl 16384] White has a clear positional advantage .All white pieces are
very strong black has a problems to avoid white's plan to push their passed
pawn "a" ,but this move looks dubious.White exchange a pieces and their space
advantage becomes less important than it was before..} (21. Ne2 $5 {[%cal
Ge2d4]}) 21... Nxd5 22. exd5 Qa5 $1 {Now black has countrplay.} (22... Bc8 $2
23. Qd2 Bf5 24. Rb3) 23. Bd4 Rfc8 24. Bxg7 Kxg7 25. Qd4+ Kg8 26. h3 f6 27. Kh2
Kg7 28. Qe3 Rc7 29. Rxc7 Qxc7 30. Rc1 Qd8 31. Bc6 Bxc6 $2 {[%mdl 8192] Final
mistake.Better was to defend the bishop and not to give for white another
passed pawn.After} (31... Qc7 {situation was not so clear.}) 32. dxc6 Qc7 33.
Qb3 Ra7 34. Qb5 {Black can't stop the "a" pawn.} d5+ 35. Kh1 Qf4 36. Qc5 Rc7
37. a5 d4 38. Rc4 Qe5 39. Qxe5 fxe5 40. Kg1 Kf7 41. a6 Ke6 42. a7 1-0

[Event "FIDE-Wch k.o."]
[Site "Las Vegas"]
[Date "1999.08.01"]
[Round "1.2"]
[White "Tiviakov, Sergei"]
[Black "Gurevich, Dmitry"]
[Result "1/2-1/2"]
[WhiteElo "2611"]
[BlackElo "2537"]
[Annotator "Alterman,B"]
[PlyCount "117"]
[EventDate "1999.07.31"]
[EventType "k.o."]
[EventRounds "7"]
[EventCountry "USA"]
[SourceTitle "CBM 072"]
[Source "ChessBase"]
[SourceDate "1999.10.01"]
[SourceVersion "1"]
[SourceVersionDate "1999.10.01"]
[SourceQuality "1"]

1. e4 c5 2. Nf3 Nc6 3. d4 cxd4 4. Nxd4 g6 5. c4 Nf6 6. Nc3 Nxd4 7. Qxd4 d6 8.
Be2 Bg7 9. Be3 O-O 10. Qd2 Be6 11. Rc1 Qa5 12. f3 Rfc8 13. b3 {In this
position Tiviakov is high class  specialist for playing by black side.And
interesting to see how hi will play from the white side.} Nd7 $5 {Rare move.
Normal continie is} (13... a6 14. Na4 Qxd2+ 15. Kxd2 Nd7 16. g4 {And white has
some advantage in the endgame.}) 14. Nd5 $1 Qxd2+ 15. Kxd2 Bxd5 16. cxd5 (16.
exd5 a5 {[%cal Gg7b2,Gb2a3,Gd7c5] Tranformed to the similar game
Anand-Tiviakov 93}) 16... a6 17. Rxc8+ Rxc8 18. Rc1 Rxc1 19. Kxc1 {White has a
clear advantage thanks to pair of bishops and space advantage but black has no
weakness.This type of position was played few times and I think that white has
60% for a win and black has 40 % for a draw.} Kf8 20. Kc2 Ke8 21. b4 Be5 22. f4
Ba1 23. a4 Kd8 24. g4 {Right plan.White need to open position,but in the
centre it's impossible,and Tiviakov start action on the kingside.} Bf6 25. g5
Bg7 26. a5 h6 {Only help for white} (26... e6 $2 27. dxe6 fxe6 28. h4 $1 $16)
27. h4 hxg5 28. hxg5 (28. fxg5 Ne5) 28... Kc7 {[%mdl 4352]} 29. Bg4 Kd8 30. Bh3
Ba1 31. Kb3 Bg7 32. Kc4 Bb2 33. Bg2 Kc7 34. Bf3 Kc8 35. Bg4 Kd8 36. Bd1 Kc7 37.
Kd3 Kd8 38. Ba4 Kc7 39. Kc2 Ba1 40. Kd2 Bb2 41. Kd3 Kd8 42. Bd1 Kc7 43. Bg4 Kd8
44. Bh3 Ke8 45. Kc4 Kd8 46. b5 $5 {Last chance to breakthrough.} axb5+ 47. Kxb5
Kc7 48. Bf1 Bc3 49. Bc4 Kd8 50. Be2 Kc7 51. Bg4 Bb2 52. f5 $5 {Doen't help.But
after} (52. a6 bxa6+ 53. Kxa6) (52. Bxd7 Kxd7 53. Kb6 Kc8 {And white achieved
nothing.}) 52... Nc5 53. fxg6 fxg6 54. Bd1 Be5 55. Bc2 Nd7 {Black's position
is impregnable.} 56. Kc4 Nc5 57. Bxc5 dxc5 58. Kxc5 Bf4 59. e5 1/2-1/2

[Event "Cacak"]
[Site "Cacak"]
[Date "1996.??.??"]
[Round "4"]
[White "Almasi, Zoltan"]
[Black "Tiviakov, Sergei"]
[Result "1/2-1/2"]
[WhiteElo "2655"]
[BlackElo "2615"]
[Annotator "Alterman,B"]
[PlyCount "35"]
[EventDate "1996.11.??"]
[EventType "tourn"]
[EventRounds "9"]
[EventCountry "YUG"]
[EventCategory "13"]
[SourceTitle "CBM 057"]
[Source "ChessBase"]
[SourceDate "1997.04.01"]
[SourceVersion "1"]
[SourceVersionDate "1997.04.01"]
[SourceQuality "1"]

{[%mdl 12]} 1. e4 {Tsesarsky} c5 2. Nf3 Nc6 3. d4 cxd4 4. Nxd4 g6 5. c4 Nf6 6.
Nc3 d6 7. Be2 (7. f3 $142 {Tsesarsky}) 7... Nxd4 8. Qxd4 Bg7 9. O-O O-O 10. Qd3
Be6 11. Bd2 (11. Be3 Qa5 12. Bd4 Rfc8 13. b3 Nd7 14. Bxg7 Kxg7 15. f4 Nf6 16.
Kh1 a6 17. a4 Bd7 18. Rae1 Bc6 $10 {Smejkal,J-Levchenkov,V/Lubniewice/1994/0,5/
73/}) 11... Nd7 12. b3 a5 (12... Nc5 13. Qe3 Bd7 14. Rab1 Bc6 15. f3 a5 16. Kh1
Re8 17. Rfd1 b6 18. Be1 Qb8 19. Bf2 Qb7 20. Bf1 Reb8 {1/2-1/2 Leko,P-Tiviakov,
S/Groningen (10) ,CBM 51 1995 (31)}) (12... a6 13. Rac1 (13. f4 b5 $1 14. cxb5
axb5 15. f5 (15. Qxb5 $1 {Tsesarsky} f5 (15... Qc7 16. Rfc1 f5 17. Bf3 Rfb8 18.
Qe2 Qb6+ (18... Bxb3 19. exf5 $18) 19. Kf1 $16) 16. Bc4 Bxc4 17. Qxc4+ Kh8 18.
exf5 Rc8 19. Qd3 Rxf5 $14) 15... Bxb3 $3 (15... b4 16. fxe6 bxc3 17. exf7+ Rxf7
18. Rxf7 Kxf7 19. Bxc3 $16) 16. Qxb5 (16. axb3 Rxa1 17. Rxa1 b4 18. Ra6 bxc3
19. Bxc3 Bxc3 20. Qxc3 Ne5 $15) 16... Rb8 17. Qd3 (17. Qa6 Nc5 18. Qa3 Bc2 $17)
17... Ne5 18. Qe3 (18. Qg3 Bc4 19. Rae1 Rb2 $17) 18... Nc4 19. Bxc4 Bxc4 20.
Rf3 Qb6 21. Qxb6 Rxb6 $17 {0-1 Zvjaginsev,V-Sorokin,M/Elista RUS-ch (06) 1996 
(39)}) (13. Rad1 {Tsesarsky} b5) 13... Ne5 (13... b5 $145 $5 14. cxb5 axb5 15.
Rc2 $5 {Tiviakov,S}) (13... Qb6 14. Kh1 Qd4 (14... Nc5 {Boensch} 15. Qe3 Qc6)
15. Qc2 (15. Qxd4 {Boensch} Bxd4 $10) 15... Rfc8 16. f4 f5 17. exf5 Bxf5 18.
Qd1 Nf6 (18... Nc5 {Boensch} 19. Nd5 $18) 19. Bf3 Rab8 (19... Qb6 {Boensch} 20.
Qe2 Re8 21. g4 Bd7 22. g5 $16) 20. Qe1 $1 $16 {Fedorowicz,J-Polgar,Zsu/
Amsterdam/1990/1:0/33/} (20. Qe1 $1 {Tsesarsky} Bg4 21. Bxg4 Nxg4 22. Nd5 $18 {
1-0 Fedorowicz,J-Polgar,Z/Amsterdam OHRA-B 1990 (32)})) 14. Qg3 $146 (14. Qe3)
(14. Qe3 {Tsesarsky} Nc6 15. Nd5 Nd4 16. Bd3 Bd7 17. Bc3 e5 18. f4 Bc6 19. f5
$14 {1/2-1/2 Rodriguez,A-Antunes,A/Malaga op 1991 (46)}) 14... Nc6 15. f4 Nd4
16. Bd3 f5 $1 (16... b5 $2 17. f5 $16) 17. exf5 Bxf5 (17... Nxf5 18. Qf3) 18.
Bxf5 Rxf5 (18... Nxf5 19. Qd3 $14) 19. Qd3 $1 $14 {1/2-1/2 Almasi,Z-Tiviakov,S/
Buenos Aires 66/145 1996 (58)} (19. Qd3 {Tsesarsky} Qd7 20. Nd5 Raf8 21. Bc3
Nc6 22. Bxg7 Kxg7 23. Qe4 $14 {1/2-1/2 Almasi Zoltan-Tiviakov Sergei/It (cat.
13), Buenos Aires (Argentina) 1996 (58)})) (12... Ne5 13. Qg3 Nc6 14. Kh1 (14.
f4 f5 15. Bd3 Kh8 16. Rae1 Bd7 17. Kh1 e6 18. Nb5 Qe7 19. exf5 gxf5 20. Qe3 e5
21. Bc3 e4 22. Bxg7+ Qxg7 23. Be2 Rf6 24. Rd1 Rg8 25. g3 Qe7 26. Qc3 Rg7 27. c5
{1-0 Fogarasi Tibor-Almasi Istvan/It (open) Balatonbereny (Hungary) (6) 1996 
(33)}) 14... Nd4 15. Bd3 Rc8 16. Rad1 a6 17. f4 b5 18. f5 bxc4 (18... Bd7 {
Tsesarsky} 19. Nd5 $14) 19. fxe6 cxd3 20. exf7+ Rxf7 21. Rxf7 (21. Qxd3 {
Tsesarsky} Rxf1+ 22. Rxf1 Ne6 23. Qd5 Qd7 $11) 21... Kxf7 22. Qxd3 Kg8 23. Qxa6
$18 {Smyslov,V-Kortschnoj,V/URS/1961/1:0/27/}) 13. Rac1 (13. Rad1 $10) 13...
Nc5 14. Qe3 Bd7 $1 {A very deep idea. White's bishops are not so active after
Black has played Bc6, e6, Qe7. Black then starts to control the center not
only with pieces, but with the pawn e6. In my opinion this plan is the most
flexible reply for Black after 10.Qd3.} 15. f4 (15. Rfd1 Bc6 16. f3 e6 17. Qf2
Qe7 18. Be3 Rfd8 $10) 15... Bc6 (15... b6) 16. Bf3 e6 17. Kh1 (17. Rcd1 Qe7 $10
) 17... Qe7 18. Nb5 (18. Rfe1 $10) (18. Nb5 b6 ({(} 18... f5 $5 {Tsesarsky} 19.
exf5 (19. e5 $6 dxe5 20. fxe5 Bxf3 21. Rxf3 Ne4 $15) 19... Bxb5 20. cxb5 Rxf5
21. g3 $14 {)}) (18... Rfd8 19. Nd4 (19. Bc3 Bxb5 20. cxb5 Bxc3 21. Rxc3 b6 $11
) 19... e5 (19... Be8 20. Rcd1 e5 21. Ne2 $142 (21. Nb5 exf4 22. Qxf4 a4 23. b4
Bxb5 24. cxb5 Ne6 25. Qe3 Be5 $11 (25... Nd4 26. Qd3 Re8 27. Bc3 Nxf3 28. Bxg7
Kxg7 29. gxf3 Rad8 $11)) 21... exf4 (21... b5 22. cxb5 (22. Nc3 bxc4 23. Nd5
Qb7 24. bxc4 exf4 25. Qxf4 Qb2 26. Nc7 Be5 27. Qh6 Ra7 $132) 22... Bxb5 23.
fxe5 dxe5 24. Bc3 $14) 22. Nxf4 Bc6 23. Nd5 Bxd5 24. exd5 Qxe3 25. Bxe3 b6 $11)
20. Nxc6 bxc6 21. f5 $14) (18... Bxb5 19. cxb5 $14) 19. Rcd1 Rfd8 20. Bc3 e5 $5
$132 (20... Bxb5 21. cxb5 Bxc3 22. Qxc3 e5 $1)) 1/2-1/2

[Event "Bundesliga 9900"]
[Site "Germany"]
[Date "2000.03.13"]
[Round "13.8"]
[White "Gross, David2"]
[Black "Brendel, Oliver"]
[Result "1-0"]
[WhiteElo "2465"]
[BlackElo "2398"]
[Annotator "Alterman,B"]
[PlyCount "73"]
[EventDate "1999.10.09"]
[EventType "team-tourn"]
[EventRounds "15"]
[EventCountry "GER"]
[SourceTitle "CBM 076"]
[Source "ChessBase"]
[SourceDate "2000.05.31"]
[SourceVersion "1"]
[SourceVersionDate "2000.05.31"]
[SourceQuality "1"]
[WhiteTeam "Passau"]
[BlackTeam "Castrop Rauxel"]
[WhiteTeamCountry "GER"]
[BlackTeamCountry "GER"]

1. e4 c5 2. Nf3 g6 3. d4 cxd4 4. Nxd4 Nc6 5. c4 Nf6 6. Nc3 Nxd4 7. Qxd4 d6 8.
Be2 Bg7 9. Be3 O-O 10. Qd2 Be6 11. Rc1 Qa5 12. f3 Rfc8 13. b3 a6 14. Na4 Qxd2+
15. Kxd2 Nd7 16. g4 f5 17. exf5 gxf5 18. h3 Rf8 19. f4 Rad8 20. g5 Nc5 {
Interesting move , prepared to open position in the centre ,in which white's
king is unsaved.} (20... d5 $1 21. cxd5 Bxd5 22. Rhd1 b5 $6 (22... e5) 23. Ke1
Bg2 24. Rc7 bxa4 25. Rdxd7 Rxd7 26. Rxd7 axb3 27. axb3 e5 28. Bxa6 exf4 29.
Bxf4 Re8+ 30. Kf2 Bc6 31. Bc4+ Kh8 32. Rc7 $16 {1/2-1/2 Nisipeanu,L-Khalifman,
A/Las Vegas 1999/CBM 72/[Hansen,Cu] (58)}) 21. Nc3 $146 {Of course .White is
loosing their advantage after} (21. Nxc5 dxc5+ 22. Bd3 b6 23. Kc2 Bd7 24. Rhe1
h6 25. h4 hxg5 26. hxg5 Kf7 27. Bd2 e6 28. Rh1 Rh8 29. Rce1 {1/2-1/2 Nisipeanu,
L-Khasin,A/Koszalin 1998/CBM 65 ext (29)}) 21... Ne4+ (21... Rfe8 22. Bf3) 22.
Nxe4 fxe4 23. Bg4 Bf5 $5 (23... Bxg4 24. hxg4 e6 {[%cal Gd6d5]} 25. Bb6 Rd7 26.
Ke3 d5 27. cxd5 exd5 28. f5 $16) 24. Bb6 Rde8 25. Rhf1 e5 (25... e6 $1 {
Looks more precise.}) 26. Bxf5 Rxf5 27. fxe5 Rfxe5 28. h4 h6 $6 {[%mdl 16384]
Dubious move .Black should activise a pieces after} (28... e3+ 29. Ke2 Re4 $11)
29. gxh6 Bxh6+ 30. Be3 Rh5 31. Bxh6 Rxh6 32. Rf4 {[%csl Rd6,Re4][%mdl 4096] In
the rook ending white has a clear advantage thanks to the better pawn
structure and active rooks.} e3+ 33. Kd3 Rg6 (33... Rhe6 34. Rg1+ Kh8 35. Ke2
Rg8 36. Rfg4 $16) 34. Re1 Rg3 35. Re4 Rxe4 36. Kxe4 Rg4+ 37. Kd5 $138 (37. Kd5
Rg3 38. Kxd6 Kh7 39. Kc5 Kh6 40. Kb6 $18) 1-0

[Event "Ubeda op 5th"]
[Site "Ubeda"]
[Date "2000.01.24"]
[Round "6"]
[White "Dolmatov, Sergey"]
[Black "Maharramzade, Javad"]
[Result "1/2-1/2"]
[WhiteElo "2615"]
[BlackElo "2423"]
[Annotator "Alterman,B"]
[PlyCount "49"]
[EventDate "2000.01.19"]
[EventType "swiss"]
[EventRounds "10"]
[EventCountry "ESP"]
[SourceTitle "CBM 075"]
[Source "ChessBase"]
[SourceDate "2000.04.05"]
[SourceVersion "1"]
[SourceVersionDate "2000.04.05"]
[SourceQuality "1"]

1. e4 c5 2. Nf3 Nc6 3. d4 cxd4 4. Nxd4 g6 5. c4 Nf6 6. Nc3 d6 7. Be2 Nxd4 8.
Qxd4 Bg7 9. Be3 O-O 10. Qd2 Be6 11. O-O Qa5 12. Rab1 Rfc8 13. b3 Ng4 14. Bd4
Bxd4 15. Qxd4 Nf6 16. Kh1 a6 17. a4 Qc5 18. Qd3 Bd7 $146 {Black has a space
problems,and with the last move black try to open the files by dubious pawn
sacrifice.} (18... Nd7 19. f4 f6 20. Nd5 Bxd5 21. exd5 Qc7 22. Qe3 a5 23. Rf3
Rf8 24. Rh3 Rf7 25. Bd3 f5 26. Qe2 Nc5 27. Bc2 e5 28. dxe6 Re7 29. Re3 Rae8 30.
Re1 Rxe6 {1/2-1/2 Dolmatov,S-Vokarev,S/Linares ESP 2000 (42)}) 19. f4 b5 20.
axb5 axb5 21. Nxb5 Bxb5 22. cxb5 Qb4 {[%cal Gb4e4,Rc8c3]} 23. e5 {[%mdl 16384]
Dolmatov miss the best continie.} (23. Bf3 $1 Ra2 $1 (23... e5 24. Rbd1) (23...
Rab8 24. e5 Rc3 (24... dxe5 25. fxe5 Ng4 26. Qe2 $16) 25. Qd2) (23... Rc3 24.
Qd2 Ra3 25. e5 Raxb3 26. Rxb3 Rxf3) 24. Rbc1 (24. e5 Rc3 25. Qd1 Ne4) 24... Rc5
25. e5 (25. Rxc5 Qxc5 26. Qc4 Qe3 $44) 25... Rd2 26. Rc4 Rxd3 27. Rxb4 Nd5 (
27... dxe5 28. b6) 28. Rc4 Nb6 29. Rxc5 dxc5 30. Rb1 $14) 23... Ne4 24. Bf3 d5
25. Bxe4 (25. Qxd5 Nd2 (25... Nc3 26. Qd2) 26. Ra1 $1 Rab8 (26... Rxa1 27. Rxa1
Nxf3 28. gxf3 Rc5 29. Qd3 Kg7 $14) 27. Rfc1 Rxc1+ 28. Rxc1 Qxf4 $13) 1/2-1/2

[Event "Linares Anibal op 07th"]
[Site "Linares"]
[Date "2000.01.10"]
[Round "4"]
[White "Sorokin, Maxim"]
[Black "Maharramzade, Javad"]
[Result "1/2-1/2"]
[WhiteElo "2574"]
[BlackElo "2422"]
[Annotator "Alterman,B"]
[PlyCount "71"]
[EventDate "2000.01.07"]
[EventType "swiss"]
[EventRounds "10"]
[EventCountry "ESP"]
[SourceTitle "CBM 075"]
[Source "ChessBase"]
[SourceDate "2000.04.05"]
[SourceVersion "1"]
[SourceVersionDate "2000.04.05"]
[SourceQuality "1"]

1. Nf3 c5 2. c4 g6 3. d4 cxd4 4. Nxd4 Nc6 5. e4 Nf6 6. Nc3 d6 7. Be2 Nxd4 8.
Qxd4 Bg7 9. O-O O-O 10. Qe3 Be6 11. Rb1 Nd7 12. Nd5 Bxd5 13. exd5 a5 14. b3 Nc5
$146 (14... Qc7 15. Bb2 Bf6 16. Rfe1 Rfe8 17. Bf1 Qc5 18. Qh3 Ne5 19. a4 h5 20.
Qg3 Nd7 21. h3 Bxb2 22. Rxb2 Qd4 23. Rbe2 Qf6 24. Re3 Nc5 25. Be2 h4 26. Qg4 e5
27. dxe6 Rxe6 28. Bf3 Rae8 29. Bd5 {Korneev,O-Sorokin,M/Elista 1996/CBM 56/1/
2-1/2 (42)}) 15. Bb2 {Another option to keep the black square bishop after.15.
Bd2} Qd7 16. Bxg7 Kxg7 17. Qd4+ Kg8 18. Rfe1 Qf5 19. Bg4 Qf6 $1 {[%mdl 4144]}
20. Qe3 (20. Qxf6 exf6 21. Re7 Rfe8 {And black has good endgame prospects.})
20... Qh4 21. Bf3 Rfe8 22. Rbd1 Qf6 23. Qd2 Reb8 24. Be2 {[%csl Gb5]} Ne4 25.
Qe3 Nc3 26. Rd2 b5 27. cxb5 a4 28. Bc4 (28. b6 $5) 28... axb3 29. Bxb3 Rxb5 30.
g3 (30. Rc2 $6 Nxd5 31. Qd3 Raa5 32. a4 Nf4 $1) 30... Rb7 31. Kg2 Na4 32. Bxa4
Rxa4 33. Rc1 Kg7 34. Rc3 h5 35. h4 Rbb4 36. Ra3 1/2-1/2

[Event "Linares Anibal op 07th"]
[Site "Linares"]
[Date "2000.01.09"]
[Round "3"]
[White "Dolmatov, Sergey"]
[Black "Vokarev, Sergey"]
[Result "1/2-1/2"]
[WhiteElo "2600"]
[BlackElo "2469"]
[Annotator "Alterman,B"]
[PlyCount "83"]
[EventDate "2000.01.07"]
[EventType "swiss"]
[EventRounds "10"]
[EventCountry "ESP"]
[SourceTitle "CBM 075"]
[Source "ChessBase"]
[SourceDate "2000.04.05"]
[SourceVersion "1"]
[SourceVersionDate "2000.04.05"]
[SourceQuality "1"]

1. e4 c5 2. Nf3 Nc6 3. d4 cxd4 4. Nxd4 g6 5. c4 Nf6 6. Nc3 d6 7. Be2 Nxd4 8.
Qxd4 Bg7 9. Be3 O-O 10. Qd2 Be6 11. O-O Qa5 12. Rab1 Rfc8 13. b3 Ng4 14. Bd4
Bxd4 15. Qxd4 Nf6 16. Kh1 Qc5 17. Qd3 a6 18. a4 Nd7 $146 (18... Bd7 19. f4 b5
20. axb5 axb5 21. Nxb5 Bxb5 22. cxb5 Qb4 23. e5 Ne4 24. Bf3 d5 25. Bxe4 {
1/2-1/2 Dolmatov,S-Maherramzade,J/Ubeda ESP 2000}) 19. f4 f6 20. Nd5 Bxd5 21.
exd5 Qc7 22. Qe3 a5 23. Rf3 {[%mdl 16384]} (23. Bg4 $1 f5 24. Bd1 Nf6 (24...
Nc5 25. g4 Qd7 26. Bc2 e6 (26... fxg4 27. f5) 27. dxe6 Qc6+ 28. Kg1 fxg4 29. f5
$18) 25. Bc2 Re8 26. Rbe1 $16 {[%csl Re6,Yg8][%cal Gh2h3,Gg2g4]}) 23... Rf8 24.
Rh3 Rf7 25. Bd3 f5 26. Qe2 Nc5 27. Bc2 (27. Re3) 27... e5 $1 {[%mdl 256]} 28.
dxe6 Re7 29. Re3 (29. Qd2 Rxe6) 29... Rae8 30. Re1 Rxe6 31. Qd2 Rxe3 32. Rxe3
Rxe3 33. Qxe3 Kf7 $11 34. Kg1 Qd8 (34... Qe7 35. Qxe7+ Kxe7 36. Kf2 Ke6 37. Ke3
d5 $2 38. Kd4) 35. Qd4 Qe7 36. Kf1 Ke8 37. g3 Kd7 38. Kf2 Kc7 39. Qc3 Kb6 40.
Qd4 Kc7 41. Qc3 Kb6 42. Qd4 1/2-1/2

[Event "USA-ch Gr-B"]
[Site "Salt Lake City"]
[Date "1999.08.24"]
[Round "2"]
[White "Serper, Grigory"]
[Black "Finegold, Benjamin"]
[Result "1-0"]
[WhiteElo "2540"]
[BlackElo "2500"]
[Annotator "Alterman,B"]
[PlyCount "69"]
[EventDate "1999.08.05"]
[EventType "tourn"]
[EventRounds "7"]
[EventCountry "USA"]
[EventCategory "13"]
[SourceTitle "CBM 073"]
[Source "ChessBase"]
[SourceDate "1999.12.01"]
[SourceVersion "1"]
[SourceVersionDate "1999.12.01"]
[SourceQuality "1"]

1. c4 c5 2. Nf3 Nf6 3. Nc3 Nc6 4. d4 cxd4 5. Nxd4 g6 6. e4 d6 7. Be2 Nxd4 8.
Qxd4 Bg7 9. Bg5 O-O 10. Qd2 Be6 11. Rc1 a6 12. b3 Qa5 13. f3 Rfc8 14. h4 (14.
Nd5 Qxd2+ 15. Kxd2 Bxd5 (15... Nxd5 16. cxd5 Bd7 17. Rxc8+ (17. h4 f6 18. Be3
f5 19. exf5 gxf5 20. g4 fxg4 21. fxg4 Bb2 22. Rxc8+ Rxc8 23. Rg1 Bc3+ 24. Kd1
a5 25. Bd3 a4 26. Ke2 {1/2-1/2 Mokry,K-Polgar,Z/Trencianske Teplice 1985/MCL 
(26)}) 17... Rxc8 18. Bxe7 (18. Rc1 Rxc1 19. Kxc1 Kf8 20. Be3 e6 {1/2-1/2
Pigusov,E-Khasin,A/Tashkent 1986/EXT 97 (20)}) 18... Bh6+ 19. Ke1 Rc2 20. Bxd6
Rxa2 21. Be5 Be3 22. h4 h5 23. g4 hxg4 {1-0 Banas,J-Dobrovolsky,L/Trnava 1983/
MCD (41)}) 16. cxd5 Kf8 17. g4 Nd7 18. h4 Bb2 19. Rc2 Rxc2+ 20. Kxc2 Bf6 21.
Be3 Rc8+ 22. Kd1 Bb2 23. h5 Kg7 24. Rh2 Ba1 25. g5 f6 26. Bf1 Ne5 27. gxf6+
exf6 28. hxg6 hxg6 29. Bh6+ {.../50/. 1/2-1/2 Arnason,J-Muco,F/Luzern 1982/EXT
97-B (39)}) 14... b5 (14... Nh5 15. Nd5 Qxd2+ 16. Kxd2 Bxd5 17. exd5 h6 18. Be3
Ng3 19. Rh3 Nxe2 20. Kxe2 b5 21. h5 bxc4 22. hxg6 fxg6 23. bxc4 Rab8 24. Rc2 h5
25. Rh1 Rb4 26. Kd3 Rcb8 27. Bd4 Bxd4 28. Kxd4 {1/2-1/2 Yudasin,L-Polgar,Z/
Oviedo 1992/TD (28)}) 15. Nd5 Qd8 (15... Qxd2+ 16. Kxd2 Bxd5 17. cxd5 e6 18.
dxe6 fxe6 19. Rxc8+ Rxc8 20. a4 bxa4 21. bxa4 a5 22. Rc1 Rxc1 23. Kxc1 d5 24.
Bd3 dxe4 25. fxe4 Nd7 26. Bd2 Nc5 27. Bc2 Nb7 28. Kd1 Bf6 29. g3 Kf7 30. Ke2
Ke7 31. Be1 Kd6 32. g4 {1-0 Serper,G-Permiakov,V/Kemerovo 1995/CBM 49 ext (55)}
) 16. Nf4 Bd7 17. h5 Nxh5 18. Nxh5 gxh5 19. Bh6 $5 $146 (19. Rxh5 Rc5 20. Rh4
bxc4 21. Bxc4 Be6 22. Be3 Rc6 23. Bd4 Bxd4 24. Qxd4 Qa5+ 25. Kf2 Qc5 26. Qxc5
Rxc5 27. Rch1 Bxc4 28. Rxh7 Rac8 29. bxc4 Rxc4 30. g4 {1/2-1/2 Serper,
G-Perelshteyn,E/New York 1996/EXT 99 (40)}) 19... Bxh6 $6 {[%mdl 16384]} (19...
Bf6 $5 20. Rxh5 Be6 $13) 20. Qxh6 Qf8 21. Qxf8+ Kxf8 22. Rxh5 {[%csl Rh7][%cal
Gh5a5]} Kg7 23. Kd2 {[%mdl 6144]} Rc5 (23... bxc4 24. Rch1 $16 (24. Bxc4 Be6
25. Rch1 $16)) 24. Rxc5 dxc5 25. cxb5 axb5 26. Rxc5 Rxa2+ 27. Rc2 $1 {[%csl
Rb5] Classical endgame.Black has weak pawn on b5 and white may offer a rooks
exchange.} Ra1 (27... Rxc2+ 28. Kxc2 b4 29. Kd3 $1 Be6 30. Bd1 Kg6 31. f4 $18 (
31. Kd4 Kg5 32. g3 $18)) 28. Kc3 {[%cal Gc3b4,Rb4b5,Ye2b5]} Rb1 29. Rd2 Bc6 30.
Kb4 {Blacks position is hopless ,thanks to the next strong  idea} f5 (30... Kf6
31. Bd3 $1 {This is a point .Rooks should leave square b1 and black is losing
important b5 pawn} Rg1 32. Bxb5 Bxb5 33. Kxb5 Kg5 34. b4 $18) 31. exf5 Kf6 32.
Bd3 $1 Ra1 33. Bxb5 Bxb5 34. Kxb5 Ra8 35. Rb2 1-0